Countries with the Lowest Elevation Difference - Statistics

General Stats
  • This quiz has been taken 125 times
  • The average score is 10 of 20
Answer Stats
Difference Country % Correct
17 Maldives
76%
233 Nauru
74%
13 Tuvalu
74%
138 Vatican City
74%
794 Palau
71%
266 Kiribati
67%
33 Marshall Islands
67%
528 Monaco
67%
584 Denmark
50%
207 Bahamas
49%
537 Singapore
47%
400 Bahrain
40%
830 Malta
39%
338 Qatar
38%
1,004 Kuwait
33%
1,024 Latvia
29%
968 Lithuania
25%
174 Gambia
23%
84 Belarus
20%
984 Guinea-Bissau
8%
No matching quizzes found
Score Distribution
Percent of People with Each Score
Percentile by Number Answered
Your Score History
You have not taken this quiz